Statistiques concernant Personnages de romans

Cliquez ici pour prendre le quiz!

Statistiques générales

  • Ce quiz a été pris 131 fois
  • Le résultat moyen est 5 sur 30

Statistiques - réponses

PersonnageOeuvre% Correct
Jean ValjeanLes Misérables
94%
Julien SorelLe rouge et le noir
83%
Edmond DantèsLe comte de Monte-Cristo
54%
Eugène de RastignacLa comédie humaine
42%
Ferdinand BardamuVoyage au bout de la nuit
38%
Camille & Madeleine de FleurvilleLes petites filles modèles
34%
George DuroyBel-ami
32%
Guillaume de BaskervilleLe nom de la rose
24%
Patrick BatemanAmerican Psycho
15%
Sophie NeveuDa Vinci Code
15%
Nick CarrawayGatsby le magnifique
14%
Prince MychkineL'idiot
11%
Nelly DeanLes hauts de Hurlevent
7%
Pierre Aronnax20 000 lieues sous les mers
6%
Jean des EsseintesÀ rebours
5%
Isidore BeautreletArsène Lupin
5%
Lénina CrowneLe meilleur des mondes
5%
Leopold BloomUlysse
5%
Jeanne le Perthuis des VaudsUne vie
5%
Ermengarde St. JohnLa petite princesse
4%
ShahryarLes 1001 nuits
4%
Cathos & MagdelonLes précieuses ridicules
4%
Samuel VimaireLes annales du disque-monde
3%
Simon LegreeLa case de l'oncle Tom
2%
Marius de RomanusChroniques des vampires
1%
Prince LirLa dernière licorne
1%
Shigekuni HondaLa mer de la fertilité
1%
OrsinoLa nuit des rois
1%
Benjy CompsonLe bruit et la fureur
1%
Glen RunciterUbik
1%

Distribution des résultats

Percentile par nombre de réponses

% des personnes avec chaque résultat

Votre développement - résultats

Vous n’avez pas pris ce quiz